| 000 | 00625nam a2200241Ia 4500 | ||
|---|---|---|---|
| 003 | OSt | ||
| 005 | 20220918174519.0 | ||
| 006 | a|||||r|||| 00| 0 | ||
| 007 | ta | ||
| 008 | 220917b |||||||| |||| 00| 0 eng d | ||
| 024 | _a12,625 | ||
| 037 | _cTextual | ||
| 040 |
_aARTS _cARTS _beng |
||
| 041 |
_2eng _aeng |
||
| 082 | _a/\3:36, N5 | ||
| 100 | _aMahaprajna | ||
| 245 | 0 | _aMirror of the self tr by R K Seth | |
| 260 |
_aLadnum _bJain Vishva Bharati Institute _c1995 |
||
| 300 |
_axxvi,235p. _ccm. |
||
| 650 | _aSPIRITUALISM | ||
| 942 |
_h/\3:36, N5 _cTEXL _2CC |
||
| 999 |
_c153489 _d153489 |
||